Cyclisme : Pays d’origine des équipes WorldTour 2024 - Statistiques

Statistiques générales
  • Ce quiz a été pris 141 fois
  • Le résultat moyen est 17 sur 18
Statistiques - réponses
Équipe Pays % Correct
Arkéa B&B Hotels France
100%
Cofidis France
100%
Décathlon Ag2r La Mondiale France
100%
Groupama FDJ France
100%
Alpecin Deceuninck Belgique
98%
Intermarché Wanty Belgique
98%
Soudal Quick Step Belgique
98%
Movistar Team Espagne
97%
Ineos Grenadier Royaume-Uni
97%
Team Dsm Firmeninch Pays-Bas
96%
Visma Lease a Bike Pays-Bas
96%
Red Bull Bora Hansgrohe Allemagne
94%
EF Éducation Easypost États-Unis
94%
Lidl-Trek États-Unis
94%
UAE Team Émirats Arabes Unis
93%
Astana Team Kazakhstan
91%
Team Jayco AlUla Australie
82%
Team B Victorious Bahreïn
80%
Aucun quiz correspondant
Distribution des résultats
% des personnes avec chaque résultat
Percentile par nombre de réponses
Votre historique - résultats
Vous n’avez pas pris ce quiz